00365nam a2200121 4500008001000000082001500010100002200025245002100047260004400068300003300112650007400145700002400219708 P116n a708bP116n aPacheco, Nazareth aNazareth Pacheco aSão PaulobGaleria Brito Ciminoc2003 a96 p.bill (col)c26 x 20 cm xarte contemporáneoxarte - exhibicionesxBrasilxartistas - mujeres aChnaiderman, Miriam